000
00180nam a22000977a 4500
999
_c
527776
_d
527776
003
NUST
038
_a
waseem
082
_a
297.692
_b
RUM
245
_a
Rumi Papers /
942
_2
ddc
_c
BK